Shakespeare as literary dramatist
Salvato in:
| Autore principale: | |
|---|---|
| Natura: | Libro |
| Lingua: | inglese |
| Pubblicazione: |
Cambridge University Press
2013
|
| Tags: |
Aggiungi Tag
Nessun Tag, puoi essere il primo ad aggiungerne!!
|
MARC
| LEADER | 00000nam a22000007a 4500 | ||
|---|---|---|---|
| 008 | 210722b ||||| |||| 00| 0 eng d | ||
| 020 | |a 9781107685062 | ||
| 100 | |a ERNE, Lukas | ||
| 245 | |a Shakespeare as literary dramatist |c Lukas Erne |g XII, 313p. : ill. | ||
| 250 | |b 2nd ed. | ||
| 260 | |b Cambridge University Press |c 2013 |h New York |i 696251 |i 696252 |l PR 3072 . ER6 |m Shakespeare Williams, 1564 -1616 ...Literary Style |m Shakespeare Williams, 1564 -1616 ... Criticism, Textual |m Authors and readers ... England ... History ... 16th Century |m Authors and readers ... England ... History ... 17th Century |m English language ... Early modern, 1500 - 1700 ... Style | ||
| 500 | |a It looks index | ||
| 942 | |a lcc |c BK |e ADEYEYE Y. S. |f 22 - 07 - 2021 | ||
| 952 | |0 0 |1 0 |2 lcc |4 0 |6 PR3072 E R6 |7 0 |9 2810 |a HOL |b HOL |c LP |d 2021-07-22 |l 0 |o PR 3072 . ER6 |p 2021-66473 |r 2021-07-22 00:00:00 |w 2021-07-22 |y BK | ||
| 952 | |0 0 |1 0 |2 lcc |4 0 |6 PR3072 E R6 |7 0 |9 2811 |a HOL |b HOL |c LP |d 2021-07-22 |l 0 |o PR 3072 . ER6 |p 2021-66474 |r 2021-07-22 00:00:00 |w 2021-07-22 |y BK | ||
| 999 | |c 1460 |d 1460 | ||